000 00276nam a22001217a 4500
003 SGT
082 _a370,JAT
100 _a JAT,PRAVEEN KUMAR
245 _aDEAF, DEAFNESS AND AND COMMUNICATION OPTIONS
260 _aNEW DELHI
_bRIP PUB
_c2024
300 _a190
942 _2ddc
_cBK
999 _c29143
_d29143